[Event "SVK-ch Amateurs"]
[Site "Radava"]
[Date "2022.11.15"]
[Round "4"]
[White "Sevcik, Matej"]
[Black "Galbavy, Dusan"]
[Result "1-0"]
[WhiteElo "1908"]
[BlackElo "1800"]
[PlyCount "63"]
[EventDate "2022.11.14"]
[EventType "swiss"]
[EventRounds "8"]
[EventCountry "SVK"]
[SourceTitle "CBM 211 Extra"]
[Source "ChessBase"]
[SourceDate "2023.01.31"]
[SourceVersion "1"]
[SourceVersionDate "2023.01.31"]
[SourceQuality "1"]

1. Nf3 d5 2. g3 f5 3. Bg2 e6 4. 0-0 Nf6 5. c4 c6 6. d3 Bd6 7. Nc3 0-0 8. e4 Nbd7 9. Re1 Re8 10. e5 d4 11. Nb1 Bb4 12. exf6 Bxe1 13. Qxe1 Nxf6 14. Bf4 h6 15. Be5 c5 16. b4 Nd7 17. Nbd2 a5 18. bxc5 Nxc5 19. Qe2 Ra6 20. Nb3 Nxb3 21. axb3 Qb6 22. Nxd4 Bd7 23. Qb2 a4 24. b4 Kh7 25. c5 Qa7 26. Nf3 Bb5 27. Bxg7 Rg8 28. Bd4 a3 29. Qe2 a2 30. c6 Qa8 31. Qxe6 Bxd3 32. Qf7+ 1-0

[Event "Ruzomberok Montana op"]
[Site "Ruzomberok"]
[Date "2017.06.03"]
[Round "7"]
[White "Galbavy, Dusan"]
[Black "Konkol, Emil"]
[Result "1-0"]
[WhiteElo "1806"]
[BlackElo "1794"]
[PlyCount "63"]
[EventDate "2017.05.28"]
[EventType "swiss"]
[EventRounds "9"]
[EventCountry "SVK"]
[SourceTitle "EXT 2018"]
[Source "ChessBase"]
[SourceDate "2017.10.13"]
[SourceVersion "1"]
[SourceVersionDate "2017.10.13"]
[SourceQuality "1"]

1. e4 c5 2. Nc3 Nc6 3. f4 g6 4. Nf3 Bg7 5. Bc4 e6 6. 0-0 Nge7 7. e5 a6 8. a4 0-0 9. Ne4 Nf5 10. g4 d5 11. exd6 Nxd6 12. Nxd6 Qxd6 13. d3 b6 14. c3 Bb7 15. Be3 Rfd8 16. b4 cxb4 17. Bxb6 Bxc3 18. f5 Bxa1 19. Qxa1 Rf8 20. Be3 e5 21. Ng5 Nd4 22. Bxd4 exd4 23. Nxf7 Rxf7 24. fxg6 Raf8 25. gxf7+ Kg7 26. Qc1 Qc6 27. Qg5+ Qg6 28. Qe5+ Kh6 29. Rf6 Ba8 30. Rxg6+ hxg6 31. h4 a5 32. Qg5+ 1-0

[Event "Ruzomberok Montana op"]
[Site "Ruzomberok"]
[Date "2017.06.02"]
[Round "6"]
[White "Bartek, Ladislav"]
[Black "Galbavy, Dusan"]
[Result "1-0"]
[WhiteElo "2039"]
[BlackElo "1806"]
[PlyCount "61"]
[EventDate "2017.05.28"]
[EventType "swiss"]
[EventRounds "9"]
[EventCountry "SVK"]
[SourceTitle "EXT 2018"]
[Source "ChessBase"]
[SourceDate "2017.10.13"]
[SourceVersion "1"]
[SourceVersionDate "2017.10.13"]
[SourceQuality "1"]

1. e4 e6 2. d4 d5 3. Nc3 Bb4 4. e5 c5 5. a3 Bxc3+ 6. bxc3 Qc7 7. Qg4 Ne7 8. Qxg7 Rg8 9. Qxh7 cxd4 10. Ne2 dxc3 11. f4 Nbc6 12. Qd3 Nf5 13. Qxc3 d4 14. Qd3 Bd7 15. Rb1 0-0-0 16. Rg1 Be8 17. g4 Nh4 18. Rg3 Ng6 19. Bg2 Rh8 20. h3 Nh4 21. Bh1 Qa5+ 22. Bd2 Qc7 23. Qc4 Ng6 24. Rgb3 Nge7 25. Rxb7 Qxb7 26. Rxb7 Kxb7 27. Nxd4 Rxh3 28. Qb5+ Kc7 29. Ba5+ Nxa5 30. Qxa5+ Kd7 31. Qxa7+ 1-0

[Event "SVK-chT2C 1617"]
[Site "Slovakia"]
[Date "2017.03.12"]
[Round "11.7"]
[White "Tomcikova, Dominika"]
[Black "Galbavy, Dusan"]
[Result "1-0"]
[WhiteElo "1691"]
[BlackElo "1777"]
[PlyCount "111"]
[EventDate "2016.10.08"]
[EventType "team-tourn"]
[EventRounds "11"]
[EventCountry "SVK"]
[SourceTitle "EXT 2018"]
[Source "ChessBase"]
[SourceDate "2017.10.13"]
[SourceVersion "1"]
[SourceVersionDate "2017.10.13"]
[SourceQuality "1"]
[WhiteTeam "Rajecke Teplice"]
[BlackTeam "Martin Medea"]
[WhiteTeamCountry "SVK"]
[BlackTeamCountry "SVK"]

1. e4 e6 2. d4 d5 3. Nd2 Nf6 4. e5 Nfd7 5. Bd3 c5 6. c3 Nc6 7. Ne2 f6 8. exf6 Nxf6 9. Nf3 c4 10. Bc2 Bd6 11. Bg5 0-0 12. Qb1 h6 13. Bh4 e5 14. Bg3 e4 15. Ne5 Re8 16. Nxc6 bxc6 17. 0-0 Bg4 18. Bd1 g5 19. Bxd6 Qxd6 20. Ng3 Bd7 21. f3 Qf4 22. fxe4 Qe3+ 23. Kh1 Nxe4 24. Nxe4 Rxe4 25. Bf3 Bf5 26. Bxe4 Bxe4 27. Qe1 Qd3 28. Qf2 Bg6 29. Qf6 Re8 30. Qxc6 Qe4 31. Qf6 Kh7 32. Qf3 Qe6 33. h3 h5 34. Rae1 Qxe1 35. Rxe1 Rxe1+ 36. Kh2 Re4 37. Qg3 g4 38. h4 Re2 39. Qc7+ Kh6 40. Qd6 Kg7 41. Qxd5 Be4 42. Qe5+ Kf8 43. Qb8+ Ke7 44. Qxa7+ Kd6 45. Qa6+ Ke7 46. Qa7+ Ke6 47. Qb6+ Kd7 48. Qb5+ Kd8 49. Kg3 Bxg2 50. Kf4 Bf3 51. Qxc4 Rxb2 52. Qg8+ Kd7 53. Qh7+ Kd8 54. Qh8+ Kd7 55. Qxh5 Rxa2 56. Qf7+ 1-0

[Event "SVK-chT2C 1617"]
[Site "Slovakia"]
[Date "2016.12.04"]
[Round "6.7"]
[White "Rysian, Jozef"]
[Black "Galbavy, Dusan"]
[Result "1-0"]
[WhiteElo "1947"]
[BlackElo "1777"]
[PlyCount "161"]
[EventDate "2016.10.08"]
[EventType "team-tourn"]
[EventRounds "11"]
[EventCountry "SVK"]
[SourceTitle "EXT 2018"]
[Source "ChessBase"]
[SourceDate "2017.10.13"]
[SourceVersion "1"]
[SourceVersionDate "2017.10.13"]
[SourceQuality "1"]
[WhiteTeam "Podbrezova ZP Sport"]
[BlackTeam "Martin Medea"]
[WhiteTeamCountry "SVK"]
[BlackTeamCountry "SVK"]

1. f4 d5 2. d4 Bf5 3. Nf3 e6 4. e3 c5 5. Bd3 Nh6 6. c3 Nc6 7. Qe2 Rc8 8. 0-0 Be7 9. Ne5 0-0 10. Nd2 Nxe5 11. fxe5 f6 12. Nf3 Bg4 13. Qc2 f5 14. Bd2 Nf7 15. Be2 g5 16. h3 Bh5 17. Be1 Bg6 18. Qd2 h5 19. g4 hxg4 20. hxg4 Kg7 21. Bg3 Rh8 22. Kf2 fxg4 23. Nh2 cxd4 24. exd4 Nh6 25. Nxg4 Rf8+ 26. Kg1 Nf5 27. Bh2 Rh8 28. Rf2 Rh4 29. Raf1 Qh8 30. Rg2 Rh3 31. Rf3 Rxf3 32. Bxf3 Nh4 33. Rg3 Rf8 34. Bd1 Rf7 35. Re3 Qf8 36. Nf6 Qh8 37. Rh3 Qh6 38. Rg3 Rxf6 39. exf6+ Bxf6 40. Bg4 Bf5 41. Qe2 Qg6 42. Bh5 Qh7 43. Re3 Ng6 44. Bg4 Nf4 45. Qf3 Qh4 46. Bxf5 exf5 47. Bxf4 gxf4 48. Re2 Kf8 49. Qxd5 Qg4+ 50. Qg2 f3 51. Qxg4 fxg4 52. Re4 g3 53. Rf4 f2+ 54. Kg2 Ke7 55. Rg4 Ke6 56. Rxg3 Bh4 57. Rg4 Be7 58. Rg7 b5 59. Kxf2 Bh4+ 60. Ke2 a5 61. Rb7 b4 62. cxb4 axb4 63. Rxb4 Kd5 64. Kd3 Be1 65. Rb5+ Kc6 66. a4 Bf2 67. Kc4 Be3 68. b4 Bf4 69. d5+ Kc7 70. a5 Be3 71. Kd3 Bg1 72. Ke4 Bf2 73. Ke5 Bg3+ 74. Ke6 Bf4 75. Rb6 Be3 76. Rc6+ Kb7 77. b5 Bd4 78. d6 Be3 79. Ke7 Bg5+ 80. Ke8 Bf4 81. Kd7 1-0

[Event "EU Amateur-ch"]
[Site "Ruzomberok"]
[Date "2016.06.08"]
[Round "4"]
[White "Kirmeir, Andreas"]
[Black "Galbavy, Dusan"]
[Result "1/2-1/2"]
[WhiteElo "1727"]
[BlackElo "1853"]
[PlyCount "133"]
[EventDate "2016.06.06"]
[EventType "swiss"]
[EventRounds "9"]
[EventCountry "SVK"]
[SourceTitle "CBM 172 Extra"]
[Source "ChessBase"]
[SourceDate "2016.06.21"]
[SourceVersion "1"]
[SourceVersionDate "2016.06.21"]
[SourceQuality "1"]

1. b3 e6 2. Bb2 d5 3. e3 c5 4. d3 Nc6 5. Nd2 Nf6 6. g3 e5 7. Bg2 Bd6 8. Ne2 0-0 9. h3 Be6 10. c4 d4 11. e4 Nd7 12. g4 Rb8 13. Ng3 g6 14. Bc1 f6 15. h4 Rf7 16. h5 Nb4 17. Nb1 Nf8 18. Bf3 Qc7 19. a3 Nc6 20. Bh6 Ne7 21. Rg1 b5 22. Qd2 Nc6 23. Bd1 a5 24. Nf5 a4 25. Bxf8 Bxf8 26. hxg6 hxg6 27. Nh6+ Bxh6 28. Qxh6 Rg7 29. Nd2 b4 30. bxa4 bxa3 31. Rxa3 Kf7 32. Nb3 Qb6 33. Qd2 Nb4 34. Kf1 Rh8 35. a5 Qa7 36. a6 Rh3 37. Be2 Rgh7 38. Ra1 Rh1 39. Bf3 R1h3 40. Rg3 Rh2 41. Nxc5 Qxc5 42. a7 Rh8 43. a8Q Rxa8 44. Rxa8 Nxd3 45. Kg1 Rxf2 46. Qxd3 Bxc4 47. Qa3 Rf1+ 48. Kg2 Qxa3 49. Rxa3 Rc1 50. g5 Rc2+ 51. Kh3 Be6+ 52. Bg4 f5 53. exf5 gxf5 54. Bh5+ Kf8 55. Rg2 Rc1 56. Kh2 Bd5 57. g6 Bxg2 58. Kxg2 Rc7 59. Ra5 Re7 60. Rd5 Kg7 61. Kh3 Kh6 62. Kh4 Ra7 63. Rd6 Kg7 64. Kg5 f4 65. Kf5 Re7 66. Ke4 Kh6 67. Be2 1/2-1/2

[Event "EU Amateur-ch"]
[Site "Ruzomberok"]
[Date "2016.06.07"]
[Round "2"]
[White "Sankova, Stella"]
[Black "Galbavy, Dusan"]
[Result "1-0"]
[WhiteElo "1792"]
[BlackElo "1853"]
[PlyCount "105"]
[EventDate "2016.06.06"]
[EventType "swiss"]
[EventRounds "9"]
[EventCountry "SVK"]
[SourceTitle "CBM 172 Extra"]
[Source "ChessBase"]
[SourceDate "2016.06.21"]
[SourceVersion "1"]
[SourceVersionDate "2016.06.21"]
[SourceQuality "1"]

1. Nf3 e6 2. g3 f5 3. Bg2 Nf6 4. 0-0 Be7 5. c4 d6 6. d4 0-0 7. Nc3 Qe8 8. Qd3 Nc6 9. e4 Qh5 10. exf5 exf5 11. Re1 Ng4 12. Nd5 Bd8 13. Nf4 Qf7 14. Ng5 Nb4 15. Nxf7 Nxd3 16. Nxd3 Kxf7 17. Bd5+ Kg6 18. Nf4+ Kf6 19. Nh5+ Kg6 20. Nf4+ Kf6 21. h3 Nh6 22. Nh5+ Kg6 23. Nf4+ Kf6 24. Ne6 c6 25. Nxf8 cxd5 26. cxd5 Bb6 27. Ne6 Nf7 28. Bd2 Bd7 29. Rac1 g5 30. Kh2 Re8 31. Bc3 h5 32. b3 Bb5 33. a4 Bd3 34. a5 Bd8 35. Nxd8 Rxe1 36. Rxe1 Nxd8 37. Re8 Nf7 38. Rb8 h4 39. Rxb7 a6 40. gxh4 gxh4 41. Bd2 Ng5 42. Bxg5+ Kxg5 43. Rb6 Kf4 44. Rxd6 Ke4 45. Rh6 Kxd5 46. Rxh4 Kc6 47. b4 Kb5 48. d5 Be4 49. d6 Kc6 50. Rh6 Kd7 51. Kg3 Bd3 52. Kf4 Kc6 53. Ke5 1-0

[Event "Oravska Priehrada op"]
[Site "Oravska Priehrada"]
[Date "2015.08.22"]
[Round "2"]
[White "Chlpik, Martin"]
[Black "Galbavy, Dusan"]
[Result "1-0"]
[WhiteElo "2145"]
[BlackElo "1939"]
[PlyCount "49"]
[EventDate "2015.08.21"]
[EventType "swiss"]
[EventRounds "7"]
[EventCountry "SVK"]
[SourceTitle "EXT 2016"]
[Source "ChessBase"]
[SourceDate "2015.10.08"]
[SourceVersion "1"]
[SourceVersionDate "2015.10.08"]
[SourceQuality "1"]

1. d4 d5 2. Bf4 c6 3. Nc3 f5 4. f3 Nf6 5. e4 dxe4 6. fxe4 fxe4 7. Bxb8 Rxb8 8. Nxe4 Bf5 9. Ng3 Bd7 10. Nf3 e6 11. Bc4 Bd6 12. Qe2 Qe7 13. 0-0 Bxg3 14. hxg3 0-0 15. Ne5 Rbe8 16. Rae1 Bc8 17. Bd3 Qd6 18. c3 Re7 19. g4 Rfe8 20. g5 Nd7 21. Bxh7+ Kxh7 22. Qh5+ Kg8 23. Nf7 Rxf7 24. Qxf7+ Kh7 25. Qh5+ 1-0

[Event "SVK-ch op"]
[Site "Banska Stiavnica"]
[Date "2015.07.11"]
[Round "8"]
[White "Sucikova, Svetlana"]
[Black "Galbavy, Dusan"]
[Result "1-0"]
[WhiteElo "2084"]
[BlackElo "1943"]
[PlyCount "69"]
[EventDate "2015.07.04"]
[EventType "swiss"]
[EventRounds "9"]
[EventCountry "SVK"]
[SourceTitle "CBM 167 Extra"]
[Source "ChessBase"]
[SourceDate "2015.09.14"]
[SourceVersion "1"]
[SourceVersionDate "2015.09.14"]
[SourceQuality "1"]

1. Nf3 d5 2. g3 c6 3. Bg2 f5 4. 0-0 e6 5. d3 Nd7 6. Re1 Ngf6 7. Nc3 Bb4 8. Bd2 0-0 9. a3 Ba5 10. b4 Bb6 11. e4 Ng4 12. Re2 fxe4 13. dxe4 Ndf6 14. Be1 Bd7 15. e5 Nh5 16. Na4 Bc7 17. Qd4 Nh6 18. Bd2 Nf5 19. Qd3 Qe8 20. Nc5 Ne7 21. Ng5 Ng6 22. Bh3 Bb6 23. Nxd7 a5 24. Nxb6 axb4 25. Nxa8 Qxa8 26. Bxe6+ Kh8 27. Bg4 Nhf4 28. gxf4 bxa3 29. Rxa3 Qd8 30. Qh3 h6 31. Ne6 Qb6 32. Nxf8 Nxf8 33. Ra8 Qc5 34. e6 Kh7 35. Rxf8 1-0

[Event "SVK-ch op"]
[Site "Banska Stiavnica"]
[Date "2015.07.09"]
[Round "6"]
[White "Drugda, Milos"]
[Black "Galbavy, Dusan"]
[Result "0-1"]
[WhiteElo "1985"]
[BlackElo "1943"]
[PlyCount "62"]
[EventDate "2015.07.04"]
[EventType "swiss"]
[EventRounds "9"]
[EventCountry "SVK"]
[SourceTitle "CBM 167 Extra"]
[Source "ChessBase"]
[SourceDate "2015.09.14"]
[SourceVersion "1"]
[SourceVersionDate "2015.09.14"]
[SourceQuality "1"]

1. d4 e6 2. c4 d5 3. Nc3 f5 4. g3 c6 5. b3 Nf6 6. f3 Bb4 7. Bd2 dxc4 8. a3 Bxc3 9. Bxc3 Nd5 10. Bd2 c3 11. Bc1 0-0 12. e3 b5 13. Ne2 Na6 14. b4 Nac7 15. Qb3 a5 16. bxa5 Rxa5 17. Nxc3 g5 18. Bd2 Ra7 19. Bg2 f4 20. e4 Nb6 21. Ne2 Nc4 22. Bc1 e5 23. gxf4 gxf4 24. h4 Ne6 25. Bb2 Rg7 26. Bh3 Qxh4+ 27. Kd1 Qe7 28. Ke1 Kh8 29. Bf5 Ne3 30. Nxf4 Nxf4 31. Qxe3 Ng2+ 0-1

[Event "SVK-ch Seniors"]
[Site "Tatranske Matliare"]
[Date "2015.05.31"]
[Round "3"]
[White "Galbavy, Dusan"]
[Black "Szitkey, Milan"]
[Result "0-1"]
[WhiteElo "1926"]
[BlackElo "2077"]
[PlyCount "100"]
[EventDate "2015.05.30"]
[EventType "swiss"]
[EventRounds "9"]
[EventCountry "SVK"]
[SourceTitle "EXT 2017"]
[Source "ChessBase"]
[SourceDate "2016.10.25"]
[SourceVersion "1"]
[SourceVersionDate "2016.10.25"]
[SourceQuality "1"]

1. e4 e6 2. d4 d5 3. Nd2 Nf6 4. e5 Nfd7 5. Bd3 c5 6. c3 Nc6 7. Ne2 cxd4 8. cxd4 f6 9. exf6 Nxf6 10. Nf3 Bd6 11. Bg5 0-0 12. 0-0 Qc7 13. Qc2 h6 14. Bh4 Bd7 15. Rac1 Rac8 16. Bg3 Nh5 17. Bh7+ Kh8 18. Nh4 Be8 19. Bg6 Nf6 20. Qd2 Kg8 21. Nc3 Bxg3 22. hxg3 Bxg6 23. Nxg6 Rfe8 24. Rfe1 Qf7 25. Nf4 Rcd8 26. f3 Nh5 27. Nxh5 Qxh5 28. f4 Qg4 29. Re3 e5 30. Ne2 exd4 31. Nxd4 Rxe3 32. Qxe3 Nxd4 33. Qxd4 Qxg3 34. Rf1 b6 35. Qe5 d4 36. Qe6+ Kh8 37. Rf3 Qh4 38. Rd3 Qxf4 39. Rf3 Qc1+ 40. Kh2 Qg5 41. Qe2 Qd5 42. Qd3 Qxa2 43. Qg6 Qd5 44. Rg3 Qe5 45. Qd3 Rf8 46. Qa3 Rf4 47. Kg1 Qe1+ 48. Kh2 Rf1 49. Kh3 Rh1+ 50. Kg4 Qe4# 0-1

[Event "SVK-chT2C 1415"]
[Site "Slovakia"]
[Date "2014.11.09"]
[Round "4.8"]
[White "Galbavy, Dusan"]
[Black "Listiak, Juraj"]
[Result "0-1"]
[WhiteElo "1902"]
[BlackElo "1980"]
[PlyCount "116"]
[EventDate "2014.10.11"]
[EventType "team-tourn"]
[EventRounds "11"]
[EventCountry "SVK"]
[SourceTitle "EXT 2016"]
[Source "ChessBase"]
[SourceDate "2015.10.08"]
[SourceVersion "1"]
[SourceVersionDate "2015.10.08"]
[SourceQuality "1"]
[WhiteTeam "Dolny Kubin II"]
[BlackTeam "Banska Bystrica Kurta"]
[WhiteTeamCountry "SVK"]
[BlackTeamCountry "SVK"]

1. e4 e6 2. d4 d5 3. Nd2 dxe4 4. Nxe4 Bd7 5. Be3 Bc6 6. Bd3 Nf6 7. Nxf6+ Qxf6 8. Nf3 Bxf3 9. gxf3 Bd6 10. Be4 c6 11. Qd2 h6 12. 0-0-0 Nd7 13. c4 g5 14. Rdg1 0-0-0 15. Kb1 Bb8 16. Qa5 Nb6 17. Qc3 Rd7 18. Rc1 Rhd8 19. Qc2 Bf4 20. d5 Bxe3 21. fxe3 c5 22. Rhd1 Qe5 23. a4 Kb8 24. a5 Nc8 25. Qb3 Qc7 26. a6 b6 27. dxe6 fxe6 28. Rxd7 Qxd7 29. Bc2 Qc7 30. h3 Ne7 31. e4 Nc6 32. Qc3 Nd4 33. Bd1 Qd6 34. Qe1 Nc6 35. Ba4 Qd3+ 36. Ka1 Nd4 37. Qg3+ Kc8 38. Rc3 Qf1+ 39. Ka2 Ne2 40. Qe5 Nxc3+ 41. Qxc3 Rd4 42. Bb5 Qd3 43. Qe1 Qxf3 44. Bc6 Rd1 45. e5 Rxe1 46. Bxf3 Rxe5 47. Bg4 Kd7 48. Kb3 Kd6 49. Kc2 Re1 50. Bf3 Ke5 51. Kd2 Ra1 52. Bb7 Kd4 53. Bc8 e5 54. b3 e4 55. Ke2 Ra2+ 56. Kf1 Rb2 57. Be6 Rxb3 58. Kg2 Rc3 0-1

[Event "SVK-chT2C 1415"]
[Site "Slovakia"]
[Date "2014.10.11"]
[Round "1.7"]
[White "Galbavy, Dusan"]
[Black "Ondras, Michal"]
[Result "1/2-1/2"]
[WhiteElo "1902"]
[BlackElo "1936"]
[PlyCount "94"]
[EventDate "2014.10.11"]
[EventType "team-tourn"]
[EventRounds "11"]
[EventCountry "SVK"]
[SourceTitle "EXT 2016"]
[Source "ChessBase"]
[SourceDate "2015.10.08"]
[SourceVersion "1"]
[SourceVersionDate "2015.10.08"]
[SourceQuality "1"]
[WhiteTeam "Dolny Kubin II"]
[BlackTeam "Cadca Caissa II"]
[WhiteTeamCountry "SVK"]
[BlackTeamCountry "SVK"]

1. e4 d6 2. d4 g6 3. f4 Bg7 4. Nf3 Nf6 5. Bd3 0-0 6. c3 c6 7. 0-0 Bg4 8. Nbd2 e5 9. h3 Bxf3 10. Nxf3 exd4 11. cxd4 Nbd7 12. Be3 Qe7 13. e5 Nd5 14. Bd2 c5 15. Be4 N7b6 16. dxc5 dxc5 17. Qe1 Rfd8 18. Rd1 Nb4 19. Bxb4 cxb4 20. Qe2 Qc5+ 21. Kh1 Nd5 22. Bxd5 Rxd5 23. Rc1 Qb6 24. Qc4 Rad8 25. Rfe1 h6 26. Kh2 Bf8 27. Qc2 Bc5 28. Qe4 Qe6 29. g4 f5 30. gxf5 gxf5 31. Qc2 Kf7 32. Re2 Rg8 33. Nh4 Ke8 34. Nxf5 Qg6 35. Rg2 Qxg2+ 36. Qxg2 Rxg2+ 37. Kxg2 Rd2+ 38. Kf3 b6 39. Rb1 Rd3+ 40. Kg4 h5+ 41. Kxh5 Rxh3+ 42. Kg6 Rf3 43. Kg5 Rf2 44. Ng7+ Kf7 45. Nh5 Ke6 46. Kg4 a5 47. Kg3 Re2 1/2-1/2

[Event "Zilina op"]
[Site "Zilina"]
[Date "2013.09.01"]
[Round "7"]
[White "Simo, Marian"]
[Black "Galbavy, Dusan"]
[Result "1-0"]
[WhiteElo "1844"]
[BlackElo "1904"]
[PlyCount "111"]
[EventDate "2013.08.29"]
[EventType "swiss"]
[EventRounds "7"]
[EventCountry "SVK"]
[SourceTitle "CBM 156 Extra"]
[Source "ChessBase"]
[SourceDate "2013.10.22"]
[SourceVersion "1"]
[SourceVersionDate "2013.10.22"]
[SourceQuality "1"]

1. e4 e6 2. d4 d5 3. Nc3 Bb4 4. e5 c5 5. Bd2 cxd4 6. Nb5 Bf8 7. Nxd4 Nc6 8. Ngf3 Qb6 9. Nb3 Nge7 10. Bd3 Ng6 11. Qe2 Be7 12. 0-0 Bd7 13. Qe3 Qc7 14. Rfe1 f5 15. exf6 gxf6 16. c4 0-0-0 17. cxd5 exd5 18. Rac1 Rde8 19. Bxg6 hxg6 20. Qd3 Bd6 21. h3 Rd8 22. Nfd4 Be5 23. Ba5 b6 24. Bb4 Kb8 25. Nxc6+ Bxc6 26. Nd4 Bxd4 27. Qxd4 Rhe8 28. Rxe8 Rxe8 29. Qxf6 Kb7 30. Qxg6 Re4 31. Bd6 Qd7 32. Bf8 Re6 33. Qg7 Qxg7 34. Bxg7 Re4 35. Rd1 Kc7 36. Rd2 Kd7 37. f3 Re6 38. Kf2 a5 39. h4 Rg6 40. Bd4 b5 41. h5 Rh6 42. g4 Ke6 43. Kg3 Rh7 44. Kh4 Rf7 45. h6 Be8 46. Re2+ Kd7 47. Re5 Rh7 48. Rxd5+ Kc6 49. Rc5+ Kd6 50. g5 Rf7 51. Kg3 Rb7 52. f4 a4 53. f5 b4 54. g6 a3 55. b3 Re7 56. h7 1-0

[Event "Zilina op"]
[Site "Zilina"]
[Date "2013.08.30"]
[Round "3"]
[White "Hybl, Jaroslav"]
[Black "Galbavy, Dusan"]
[Result "1-0"]
[WhiteElo "2172"]
[BlackElo "1904"]
[PlyCount "59"]
[EventDate "2013.08.29"]
[EventType "swiss"]
[EventRounds "7"]
[EventCountry "SVK"]
[SourceTitle "CBM 156 Extra"]
[Source "ChessBase"]
[SourceDate "2013.10.22"]
[SourceVersion "1"]
[SourceVersionDate "2013.10.22"]
[SourceQuality "1"]

1. e4 e6 2. d4 d5 3. Nd2 Nf6 4. e5 Nfd7 5. Bd3 c5 6. c3 Nc6 7. Ne2 f6 8. Nf4 Qe7 9. Qh5+ Qf7 10. Bg6 hxg6 11. Qxh8 cxd4 12. exf6 gxf6 13. Nb3 e5 14. Nd3 b6 15. cxd4 Ba6 16. Qh3 0-0-0 17. Bd2 e4 18. Rc1 Kb7 19. Nf4 Re8 20. Nxg6 Bb4 21. a3 Bxd2+ 22. Kxd2 Bc4 23. Rc3 Bxb3 24. Rxb3 Nxd4 25. Rc3 Nc5 26. Nf4 Nb5 27. Rc2 Nd7 28. Rhc1 Ne5 29. b3 Re7 30. Qc8# 1-0

[Event "SVK-ch Seniors"]
[Site "Tatranske Matliare"]
[Date "2013.06.03"]
[Round "2"]
[White "Galbavy, Dusan"]
[Black "Szitkey, Milan"]
[Result "1/2-1/2"]
[WhiteElo "1892"]
[BlackElo "2147"]
[PlyCount "137"]
[EventDate "2013.06.02"]
[EventType "swiss"]
[EventRounds "9"]
[EventCountry "SVK"]
[SourceTitle "EXT 2023"]
[Source "ChessBase"]
[SourceDate "2022.10.05"]
[SourceVersion "1"]
[SourceVersionDate "2022.10.05"]
[SourceQuality "1"]

1. e4 e6 2. d4 d5 3. Nd2 Nf6 4. e5 Nfd7 5. Bd3 c5 6. c3 Nc6 7. Ndf3 cxd4 8. cxd4 f6 9. exf6 Nxf6 10. Ne2 Bd6 11. Bf4 0-0 12. Bxd6 Qxd6 13. 0-0 Bd7 14. Ng3 Rae8 15. Re1 Kh8 16. a3 e5 17. dxe5 Nxe5 18. Nxe5 Rxe5 19. Rxe5 Qxe5 20. Qe2 Qd4 21. Bf5 Re8 22. Qc2 Ba4 23. Qc3 Qxc3 24. bxc3 Bb5 25. Rb1 Ba6 26. h4 g6 27. Bh3 Re7 28. f3 Rc7 29. Rb3 Bc4 30. Rb4 b6 31. Kf2 Bd3 32. Ne2 Bxe2 33. Kxe2 Rxc3 34. a4 Ra3 35. Be6 Ra2+ 36. Kf1 Kg7 37. g4 Kf8 38. Bc8 Ke7 39. Rd4 Kd6 40. g5 Rc2 41. Bb7 Rc7 42. Ba8 Rc8 43. Bb7 Rb8 44. Ba6 Ke5 45. Rb4 Nd7 46. f4+ Kd6 47. Bd3 Nc5 48. Bc2 Ne6 49. Kg2 Rf8 50. Kg3 Kc5 51. Rb5+ Kc6 52. f5 gxf5 53. Rb4 Kc5 54. Rb5+ Kd4 55. a5 Kc4 56. Rb1 f4+ 57. Kf2 Rf7 58. axb6 axb6 59. Rxb6 Nd4 60. g6 hxg6 61. Bxg6 Re7 62. Rf6 Re2+ 63. Kf1 Re6 64. Rxe6 Nxe6 65. h5 Nf8 66. Bf7 Kd4 67. Kf2 Ke5 68. Kf3 Nh7 69. Bxd5 1/2-1/2

[Event "Martin op"]
[Site "Martin"]
[Date "2011.11.19"]
[Round "6"]
[White "Nemergut, Matej"]
[Black "Galbavy, Dusan"]
[Result "1-0"]
[WhiteElo "1952"]
[BlackElo "1888"]
[PlyCount "67"]
[EventDate "2011.11.16"]
[EventType "swiss"]
[EventRounds "7"]
[EventCountry "SVK"]
[SourceTitle "EXT 2012"]
[Source "ChessBase"]
[SourceDate "2011.11.24"]
[SourceVersion "1"]
[SourceVersionDate "2011.11.24"]
[SourceQuality "1"]

1. e4 e6 2. d4 d5 3. Nc3 Bb4 4. a3 Bxc3+ 5. bxc3 Ne7 6. e5 c5 7. f4 Qc7 8. Nf3 Nbc6 9. Bd2 0-0 10. Bd3 Nf5 11. g4 Nfe7 12. 0-0 f6 13. Qe1 c4 14. Be2 Bd7 15. Kh1 Be8 16. Rg1 Bg6 17. Bd1 Be4 18. Rf1 Kh8 19. Kg1 Rf7 20. Be3 Qd7 21. Nd2 Bg6 22. h4 Rff8 23. h5 Bf7 24. h6 gxh6 25. exf6 Ng8 26. g5 Bg6 27. Nf3 Rad8 28. Ne5 Nxe5 29. dxe5 d4 30. Bxd4 Rc8 31. f5 Bf7 32. Qe3 exf5 33. e6 Bxe6 34. f7+ 1-0

[Event "Martin op"]
[Site "Martin"]
[Date "2011.11.18"]
[Round "4"]
[White "Macek, Kamil"]
[Black "Galbavy, Dusan"]
[Result "1-0"]
[WhiteElo "1987"]
[BlackElo "1888"]
[PlyCount "87"]
[EventDate "2011.11.16"]
[EventType "swiss"]
[EventRounds "7"]
[EventCountry "SVK"]
[SourceTitle "EXT 2012"]
[Source "ChessBase"]
[SourceDate "2011.11.24"]
[SourceVersion "1"]
[SourceVersionDate "2011.11.24"]
[SourceQuality "1"]

1. e4 e6 2. d4 d5 3. Nd2 Nf6 4. e5 Nfd7 5. Bd3 c5 6. c3 Nc6 7. Ne2 cxd4 8. cxd4 f6 9. exf6 Nxf6 10. Nf3 Bd6 11. 0-0 Qc7 12. Bg5 0-0 13. Bh4 e5 14. dxe5 Nxe5 15. Nxe5 Bxe5 16. Bg3 Bxg3 17. Nxg3 Be6 18. Qd2 Rad8 19. Qe3 Qf7 20. Qxa7 Ng4 21. Qd4 Qc7 22. Rac1 Qd6 23. Be2 Rf4 24. Qd2 Nf6 25. Bf3 Rh4 26. Rfe1 Bd7 27. Qg5 Rh6 28. Qe5 Qb4 29. Bxd5+ Kh8 30. Qe7 Qa5 31. b4 Qb6 32. Bf3 Bc6 33. Bxc6 bxc6 34. Rxc6 Qb8 35. Qc7 Qa8 36. Nf5 Rg6 37. Ne7 Rg5 38. g3 Re8 39. Qc8 Qxa2 40. Ng6+ hxg6 41. Rxe8+ Nxe8 42. Qxe8+ Kh7 43. Rc8 Qb1+ 44. Kg2 1-0